Statistics for All Pokémon With Alolan Forms

Click here to take the quiz!

General Stats

  • This quiz has been taken 348 times
    (112 since last reset)
  • The average score is 16 of 18

Answer Stats

Original RegionOriginal type(s)New type(s)Answer% Correct
KantoFireIceVulpix
98%
KantoRock-groundRock-electricGeodude
97%
KantoRock-groundRock-electricGolem
94%
KantoFireIce-fairyNinetales
94%
KantoElectricElectric-psychicRaichu
94%
KantoNormalDark-normalRaticate
94%
KantoNormalDark-normalRattata
94%
KantoRock-groundRock-electricGraveler
92%
KantoGrass-psychicGrass-dragonExeggutor
91%
KantoGroundIce-steelSandshrew
89%
KantoGroundIce-steelSandslash
88%
KantoPoisonPoison-darkMuk
87%
KantoGroundGround-steelDiglett
86%
KantoGroundGround-steelDugtrio
86%
KantoPoisonPoison-darkGrimer
86%
KantoGroundFire-ghostMarowak
86%
KantoNormalDarkMeowth
84%
KantoNormalDarkPersian
83%

Score Distribution

Percentile by Number Answered

Percent of People with Each Score

Your Score History

You have not taken this quiz since the last reset